| 000 | 00712pam a2200169 i 4500 | ||
|---|---|---|---|
| 020 | _a0309026644 | ||
| 082 | 0 | 0 |
_a380.508 _a380.508 _bNAT _cD |
| 110 | 2 |
_aNational Research Council (U.S.). _920017 |
|
| 245 | 1 | 0 |
_aForecasting passenger and freight travel / _cTransportation Research Board, Commission on Sociotechnical Systems, National Research Council. |
| 260 |
_aWashington : _bNational Academy of Sciences, _c1977. |
||
| 300 |
_aiv, 86 p. : _bill., maps ; _c28 cm. |
||
| 526 |
_a0 _b0 _c0 _d380_508000000000000_NAT |
||
| 650 | 0 |
_aFreight and freightage _zUnited States _xCongresses. _938302 |
|
| 650 | 0 |
_aMCE _9379 |
|
| 650 | 0 |
_aTransportation _zUnited States _xPassenger traffic _xCongresses. _938303 |
|
| 942 |
_2ddc _cBK |
||
| 999 |
_c542933 _d542933 |
||